000 00288nam a22001337a 4500
008 170419b xxu||||| |||| 00| 0 eng d
020 _a9780781782159
041 _aeng
080 _22 ED
_a579
100 _a11
101 _aSHM
245 _aMICROBIOLOGY
_cHARVEY.R.A
942 _2udc
_cBK
999 _c11102
_d11102